000 00433nam a2200181Ia 4500
001 11476
005 20260306162831.0
008 260306t1980||||xx |||||||||||||| ||spa||
041 _aESP
082 _a985.06
_bU61 V. 1
100 _aUniversidad Nacional Mayor de San Marcos
_eAUT
245 0 _aLa guerra del PacĂ­fico
260 _c1980
300 _a
_c21 cm.
650 _aGEN
654 _aCHU
942 _cLIB
_dJUS
_fJUS
_2ddc
_n
999 _c11476
_d11476